El hombre y la política : teología de la comunidad política /

En esta obra el autor plantea las exigencias del cristiano ante la problemática política de nuestro tiempo, contexto en el cual se exhorta a descubrir el pluralismo político que alumbra la fe cristiana, la cual alcanza su maximo exponente en la defensa de la libertad y de la rsponsabilidad personal.

שמור ב:
מידע ביבליוגרפי
מחבר ראשי: Lobo Méndez, Gonzalo (autor)
פורמט: ספר
שפה:ספרדית
יצא לאור: Madrid, España : Magisterio Español : Prensa Española : Editora Nacional, 1975, c1975
סדרה:(Biblioteca Cultural RTVE ; 21)
נושאים:
תגים: הוספת תג
אין תגיות, היה/י הראשונ/ה לתייג את הרשומה!

MARC

LEADER 00000nam^a2200000^a^4500
001 000182210
005 20250521000000.0
009 20260310102000.288
020 |a 84-265-8010-6 
020 |a 84-287-0344-2 
037 |a Acervo ITESO - Biblioteca 
041 |a ESP 
082 |a 261. 7  |b LOB 
100 |a Lobo Méndez, Gonzalo  |e (autor) 
245 1 3 |a El hombre y la política :  |b teología de la comunidad política /  |c G. Lobo Méndez. 
264 4 |a Madrid, España :  |b Magisterio Español :  |b Prensa Española :  |b Editora Nacional,  |c 1975, c1975 
300 |a 155 p. 
336 |a texto  |b txt  |2 rdacontenido 
337 |a sin mediación  |b n  |2 rdamedio 
338 |a volumen  |b nc  |2 rdasoporte 
440 1 |a (Biblioteca Cultural RTVE ;  |v 21) 
520 |a En esta obra el autor plantea las exigencias del cristiano ante la problemática política de nuestro tiempo, contexto en el cual se exhorta a descubrir el pluralismo político que alumbra la fe cristiana, la cual alcanza su maximo exponente en la defensa de la libertad y de la rsponsabilidad personal. 
649 |a XX 
650 |a Libertad 
650 |a Distribución del Ingreso 
650 |a Derecho Económico 
650 |a Participación Social 
650 |a Participación Política 
650 |a Política y Religión -  |x Tema Principal 
650 |a Iglesia y Problemas Sociales -  |x Tema Principal 
650 |a Teología Social 
650 |a Catolicismo 
650 |a Cristianismo 
650 |a Religión 
910 |a Fondo General 
920 |a Impresos - Libros 
930 |a Colección General 
905 |a 101 
901 |a 0500122241  |b IT1  |c ACC  |u 20250521 
902 |a https://opac.biblio.iteso.mx/vufind/Record/000182210